<?xml version="1.0" encoding="UTF-8"?>
<record
    xmlns:xsi="http://www.w3.org/2001/XMLSchema-instance"
    xsi:schemaLocation="http://www.loc.gov/MARC21/slim http://www.loc.gov/standards/marcxml/schema/MARC21slim.xsd"
    xmlns="http://www.loc.gov/MARC21/slim">

  <leader>00477nam a2200169   4500</leader>
  <controlfield tag="003">SEACOMEC</controlfield>
  <controlfield tag="005">20240805131607.0</controlfield>
  <controlfield tag="008">240208b        |||||||| |||| 00| 0 eng d</controlfield>
  <datafield tag="020" ind1=" " ind2=" ">
    <subfield code="c">Rs.275.00</subfield>
  </datafield>
  <datafield tag="040" ind1=" " ind2=" ">
    <subfield code="a">SEACOMEC</subfield>
  </datafield>
  <datafield tag="082" ind1=" " ind2=" ">
    <subfield code="a">519.5</subfield>
    <subfield code="b">K45</subfield>
  </datafield>
  <datafield tag="100" ind1=" " ind2=" ">
    <subfield code="a">Khan, Priyotosh</subfield>
  </datafield>
  <datafield tag="245" ind1="1" ind2=" ">
    <subfield code="a">Statistics: for management, economics and computer/ </subfield>
    <subfield code="c">Priyotosh khan</subfield>
  </datafield>
  <datafield tag="260" ind1=" " ind2=" ">
    <subfield code="a">Kolkata</subfield>
    <subfield code="b">Everest</subfield>
    <subfield code="c">2004</subfield>
  </datafield>
  <datafield tag="650" ind1=" " ind2=" ">
    <subfield code="a">Mathematics - Probabilities and applied mathematics</subfield>
  </datafield>
  <datafield tag="942" ind1=" " ind2=" ">
    <subfield code="c">BOOK</subfield>
  </datafield>
  <datafield tag="952" ind1=" " ind2=" ">
    <subfield code="0">0</subfield>
    <subfield code="1">0</subfield>
    <subfield code="2">ddc</subfield>
    <subfield code="4">0</subfield>
    <subfield code="7">0</subfield>
    <subfield code="a">SEACOMEC</subfield>
    <subfield code="b">SEACOMEC</subfield>
    <subfield code="d">2006-06-07</subfield>
    <subfield code="l">0</subfield>
    <subfield code="o">519.5 K45</subfield>
    <subfield code="p">02241</subfield>
    <subfield code="r">2024-08-05 13:16:46</subfield>
    <subfield code="w">2024-08-05</subfield>
    <subfield code="y">REF</subfield>
  </datafield>
  <datafield tag="952" ind1=" " ind2=" ">
    <subfield code="0">0</subfield>
    <subfield code="1">0</subfield>
    <subfield code="2">ddc</subfield>
    <subfield code="4">0</subfield>
    <subfield code="7">0</subfield>
    <subfield code="a">SEACOMEC</subfield>
    <subfield code="b">SEACOMEC</subfield>
    <subfield code="d">2006-06-07</subfield>
    <subfield code="l">0</subfield>
    <subfield code="o">519.5 K45</subfield>
    <subfield code="p">02242</subfield>
    <subfield code="r">2024-08-05 13:16:46</subfield>
    <subfield code="t">1</subfield>
    <subfield code="w">2024-08-05</subfield>
    <subfield code="y">BOOK</subfield>
  </datafield>
  <datafield tag="952" ind1=" " ind2=" ">
    <subfield code="0">0</subfield>
    <subfield code="1">0</subfield>
    <subfield code="2">ddc</subfield>
    <subfield code="4">0</subfield>
    <subfield code="7">0</subfield>
    <subfield code="a">SEACOMEC</subfield>
    <subfield code="b">SEACOMEC</subfield>
    <subfield code="d">2006-06-07</subfield>
    <subfield code="l">0</subfield>
    <subfield code="o">519.5 K45</subfield>
    <subfield code="p">02243</subfield>
    <subfield code="r">2024-08-05 13:16:46</subfield>
    <subfield code="t">2</subfield>
    <subfield code="w">2024-08-05</subfield>
    <subfield code="y">BOOK</subfield>
  </datafield>
  <datafield tag="952" ind1=" " ind2=" ">
    <subfield code="0">0</subfield>
    <subfield code="1">0</subfield>
    <subfield code="2">ddc</subfield>
    <subfield code="4">0</subfield>
    <subfield code="7">0</subfield>
    <subfield code="a">SEACOMEC</subfield>
    <subfield code="b">SEACOMEC</subfield>
    <subfield code="d">2006-06-07</subfield>
    <subfield code="l">0</subfield>
    <subfield code="o">519.5 K45</subfield>
    <subfield code="p">02244</subfield>
    <subfield code="r">2024-08-05 13:16:46</subfield>
    <subfield code="t">3</subfield>
    <subfield code="w">2024-08-05</subfield>
    <subfield code="y">BOOK</subfield>
  </datafield>
  <datafield tag="952" ind1=" " ind2=" ">
    <subfield code="0">0</subfield>
    <subfield code="1">0</subfield>
    <subfield code="2">ddc</subfield>
    <subfield code="4">0</subfield>
    <subfield code="7">0</subfield>
    <subfield code="a">SEACOMEC</subfield>
    <subfield code="b">SEACOMEC</subfield>
    <subfield code="d">2006-06-07</subfield>
    <subfield code="l">0</subfield>
    <subfield code="o">519.5 K45</subfield>
    <subfield code="p">02245</subfield>
    <subfield code="r">2024-08-05 13:16:46</subfield>
    <subfield code="t">4</subfield>
    <subfield code="w">2024-08-05</subfield>
    <subfield code="y">BOOK</subfield>
  </datafield>
  <datafield tag="952" ind1=" " ind2=" ">
    <subfield code="0">0</subfield>
    <subfield code="1">0</subfield>
    <subfield code="2">ddc</subfield>
    <subfield code="4">0</subfield>
    <subfield code="7">0</subfield>
    <subfield code="a">SEACOMEC</subfield>
    <subfield code="b">SEACOMEC</subfield>
    <subfield code="d">2006-06-07</subfield>
    <subfield code="l">0</subfield>
    <subfield code="o">519.5 K45</subfield>
    <subfield code="p">02246</subfield>
    <subfield code="r">2024-08-05 13:16:46</subfield>
    <subfield code="t">5</subfield>
    <subfield code="w">2024-08-05</subfield>
    <subfield code="y">BOOK</subfield>
  </datafield>
  <datafield tag="952" ind1=" " ind2=" ">
    <subfield code="0">0</subfield>
    <subfield code="1">0</subfield>
    <subfield code="2">ddc</subfield>
    <subfield code="4">0</subfield>
    <subfield code="7">0</subfield>
    <subfield code="a">SEACOMEC</subfield>
    <subfield code="b">SEACOMEC</subfield>
    <subfield code="d">2006-06-07</subfield>
    <subfield code="l">0</subfield>
    <subfield code="o">519.5 K45</subfield>
    <subfield code="p">02247</subfield>
    <subfield code="r">2024-08-05 13:16:46</subfield>
    <subfield code="t">6</subfield>
    <subfield code="w">2024-08-05</subfield>
    <subfield code="y">BOOK</subfield>
  </datafield>
  <datafield tag="952" ind1=" " ind2=" ">
    <subfield code="0">0</subfield>
    <subfield code="1">0</subfield>
    <subfield code="2">ddc</subfield>
    <subfield code="4">0</subfield>
    <subfield code="7">0</subfield>
    <subfield code="a">SEACOMEC</subfield>
    <subfield code="b">SEACOMEC</subfield>
    <subfield code="d">2006-06-07</subfield>
    <subfield code="l">0</subfield>
    <subfield code="o">519.5 K45</subfield>
    <subfield code="p">02248</subfield>
    <subfield code="r">2024-08-05 13:16:46</subfield>
    <subfield code="t">7</subfield>
    <subfield code="w">2024-08-05</subfield>
    <subfield code="y">BOOK</subfield>
  </datafield>
  <datafield tag="952" ind1=" " ind2=" ">
    <subfield code="0">0</subfield>
    <subfield code="1">0</subfield>
    <subfield code="2">ddc</subfield>
    <subfield code="4">0</subfield>
    <subfield code="7">0</subfield>
    <subfield code="a">SEACOMEC</subfield>
    <subfield code="b">SEACOMEC</subfield>
    <subfield code="d">2006-06-07</subfield>
    <subfield code="l">0</subfield>
    <subfield code="o">519.5 K45</subfield>
    <subfield code="p">02249</subfield>
    <subfield code="r">2024-08-05 13:16:46</subfield>
    <subfield code="t">8</subfield>
    <subfield code="w">2024-08-05</subfield>
    <subfield code="y">BOOK</subfield>
  </datafield>
  <datafield tag="952" ind1=" " ind2=" ">
    <subfield code="0">0</subfield>
    <subfield code="1">0</subfield>
    <subfield code="2">ddc</subfield>
    <subfield code="4">0</subfield>
    <subfield code="7">0</subfield>
    <subfield code="a">SEACOMEC</subfield>
    <subfield code="b">SEACOMEC</subfield>
    <subfield code="d">2006-06-07</subfield>
    <subfield code="l">0</subfield>
    <subfield code="o">519.5 K45</subfield>
    <subfield code="p">02250</subfield>
    <subfield code="r">2024-08-05 13:16:46</subfield>
    <subfield code="t">9</subfield>
    <subfield code="w">2024-08-05</subfield>
    <subfield code="y">BOOK</subfield>
  </datafield>
  <datafield tag="952" ind1=" " ind2=" ">
    <subfield code="0">0</subfield>
    <subfield code="1">0</subfield>
    <subfield code="2">ddc</subfield>
    <subfield code="4">0</subfield>
    <subfield code="7">0</subfield>
    <subfield code="a">SEACOMEC</subfield>
    <subfield code="b">SEACOMEC</subfield>
    <subfield code="d">2007-03-20</subfield>
    <subfield code="l">0</subfield>
    <subfield code="o">519.5 K45</subfield>
    <subfield code="p">06449</subfield>
    <subfield code="r">2024-08-05 13:17:43</subfield>
    <subfield code="t">10</subfield>
    <subfield code="w">2024-08-05</subfield>
    <subfield code="y">BOOK</subfield>
  </datafield>
  <datafield tag="952" ind1=" " ind2=" ">
    <subfield code="0">0</subfield>
    <subfield code="1">0</subfield>
    <subfield code="2">ddc</subfield>
    <subfield code="4">0</subfield>
    <subfield code="7">0</subfield>
    <subfield code="a">SEACOMEC</subfield>
    <subfield code="b">SEACOMEC</subfield>
    <subfield code="d">2007-03-20</subfield>
    <subfield code="l">0</subfield>
    <subfield code="o">519.5 K45</subfield>
    <subfield code="p">06450</subfield>
    <subfield code="r">2024-08-05 13:17:43</subfield>
    <subfield code="t">11</subfield>
    <subfield code="w">2024-08-05</subfield>
    <subfield code="y">BOOK</subfield>
  </datafield>
  <datafield tag="952" ind1=" " ind2=" ">
    <subfield code="0">0</subfield>
    <subfield code="1">0</subfield>
    <subfield code="2">ddc</subfield>
    <subfield code="4">0</subfield>
    <subfield code="7">0</subfield>
    <subfield code="a">SEACOMEC</subfield>
    <subfield code="b">SEACOMEC</subfield>
    <subfield code="d">2007-03-20</subfield>
    <subfield code="l">0</subfield>
    <subfield code="o">519.5 K45</subfield>
    <subfield code="p">06451</subfield>
    <subfield code="r">2024-08-05 13:17:43</subfield>
    <subfield code="t">12</subfield>
    <subfield code="w">2024-08-05</subfield>
    <subfield code="y">BOOK</subfield>
  </datafield>
  <datafield tag="952" ind1=" " ind2=" ">
    <subfield code="0">0</subfield>
    <subfield code="1">0</subfield>
    <subfield code="2">ddc</subfield>
    <subfield code="4">0</subfield>
    <subfield code="7">0</subfield>
    <subfield code="a">SEACOMEC</subfield>
    <subfield code="b">SEACOMEC</subfield>
    <subfield code="d">2007-03-20</subfield>
    <subfield code="l">0</subfield>
    <subfield code="o">519.5 K45</subfield>
    <subfield code="p">06452</subfield>
    <subfield code="r">2024-08-05 13:17:43</subfield>
    <subfield code="t">13</subfield>
    <subfield code="w">2024-08-05</subfield>
    <subfield code="y">BOOK</subfield>
  </datafield>
  <datafield tag="952" ind1=" " ind2=" ">
    <subfield code="0">0</subfield>
    <subfield code="1">0</subfield>
    <subfield code="2">ddc</subfield>
    <subfield code="4">0</subfield>
    <subfield code="7">0</subfield>
    <subfield code="a">SEACOMEC</subfield>
    <subfield code="b">SEACOMEC</subfield>
    <subfield code="d">2007-03-20</subfield>
    <subfield code="l">0</subfield>
    <subfield code="o">519.5 K45</subfield>
    <subfield code="p">06453</subfield>
    <subfield code="r">2024-08-05 13:17:43</subfield>
    <subfield code="t">14</subfield>
    <subfield code="w">2024-08-05</subfield>
    <subfield code="y">BOOK</subfield>
  </datafield>
  <datafield tag="999" ind1=" " ind2=" ">
    <subfield code="c">603</subfield>
    <subfield code="d">603</subfield>
  </datafield>
</record>
